00545nam a2200121Ia 4500008004100000100002600041245010100067260004100168440003800209650001400247650011300261856004900374171212s9999 xx 000 0 und d aSarbadhikary, Sukanya cSarbadhikary, SukanyaaPlace of DevotionbSiting and Experiencing Divinity in Bengal-Vaishnavism bUniversity of California Pressc2015 aSouth Asia Across the Disciplines aSociology aVaishnavism -- India -- Bengal; Sacred space -- India -- Bengal; Anthropology of religion -- India -- Bengal uhttp://jstor.org/stable/10.1525/j.ctt1ffjn1f